[Event "España ch sub-16 2012"]
[Site "Salobreña ESP"]
[Date "2012.07.19"]
[Round "6.18"]
[White "Dominguez Carnero, Javier"]
[Black "Ruiz Font, Elisabet"]
[Result "0-1"]
[WhiteElo "1845"]
[BlackElo "2039"]
[PlyCount "76"]
[EventDate "2012.07.16"]
[EventType "swiss"]
[EventRounds "9"]
[EventCountry "ESP"]
[Source "lmi"]
[SourceDate "2012.07.16"]

1. d4 f5 2. g3 Nf6 3. Bg2 d6 4. c4 g6 5. Nc3 Bg7 6. Nf3 O-O 7. O-O Qe8 8. Re1
Qf7 9. Qd3 h6 10. b3 Nc6 11. Bb2 e5 12. dxe5 Nxe5 13. Qc2 Kh8 14. Rad1 Nfg4 15.
e3 g5 16. h3 Nxf3+ 17. Bxf3 Ne5 18. Qe2 f4 19. exf4 gxf4 20. g4 h5 21. Na4 hxg4
22. hxg4 Nxf3+ 23. Qxf3 Bxb2 24. Qh3+ Qh7 25. Qxh7+ Kxh7 26. Nxb2 Bxg4 27. Re7+
Kg6 28. Rd3 Rac8 29. f3 Bh3 30. Rd4 Kg5 31. Rg7+ Kh6 32. Re7 Rg8+ 33. Kh2 Bf1
34. Rd2 Rg3 35. Rf2 Rh8 36. Kh1 Kg6+ 37. Rh2 Bg2+ 38. Kg1 Bxf3+ 0-1

[Event "España ch sub-16 2012"]
[Site "Salobreña ESP"]
[Date "2012.07.19"]
[Round "6.19"]
[White "Blesa Fernandez, Francisco"]
[Black "Nieves Cabanes, Javier"]
[Result "0-1"]
[WhiteElo "1835"]
[BlackElo "2037"]
[PlyCount "56"]
[EventDate "2012.07.16"]
[EventType "swiss"]
[EventRounds "9"]
[EventCountry "ESP"]
[Source "lmi"]
[SourceDate "2012.07.16"]

1. d4 Nf6 2. c4 d6 3. Nc3 Nbd7 4. e4 e5 5. Nf3 g6 6. d5 Nc5 7. Qc2 a5 8. Be2
Bg7 9. O-O O-O 10. h3 Ne8 11. Be3 b6 12. a3 f5 13. b4 Na6 14. Qb3 f4 15. Bd2 g5
16. Na4 h5 17. Kh2 g4 18. Ng1 Nf6 19. f3 Qe8 20. Bd3 Qg6 21. Ne2 Qg5 22. Rac1
Qh4 23. Ng1 Qg3+ 24. Kh1 gxh3 25. Nxh3 Bxh3 26. gxh3 Qxh3+ 27. Kg1 Qg3+ 28. Kh1
Ng4 0-1

[Event "España ch sub-16 2012"]
[Site "Salobreña ESP"]
[Date "2012.07.19"]
[Round "6.20"]
[White "Perez Tores, Juan Miguel"]
[Black "Martin Perez, Laura"]
[Result "0-1"]
[WhiteElo "1834"]
[BlackElo "2019"]
[PlyCount "136"]
[EventDate "2012.07.16"]
[EventType "swiss"]
[EventRounds "9"]
[EventCountry "ESP"]
[Source "lmi"]
[SourceDate "2012.07.16"]

1. e4 c5 2. Nf3 Nc6 3. d4 cxd4 4. Nxd4 g6 5. Nc3 Bg7 6. Be3 Nf6 7. Bc4 O-O 8.
Bb3 d6 9. O-O Ng4 10. Nxc6 bxc6 11. Qd2 Nxe3 12. Qxe3 Ba6 13. Rfe1 Qa5 14. a3
e6 15. Rad1 Rfd8 16. f4 Qb6 17. Qxb6 axb6 18. e5 d5 19. Ne2 c5 20. c3 g5 21. g3
Bb7 22. Kf2 Bc6 23. Rd2 gxf4 24. gxf4 f6 25. h4 b5 26. exf6 Bxf6 27. Ng3 Kf7
28. Rde2 Re8 29. h5 Bh4 30. Bc2 Rg8 31. Rg1 Rg7 32. h6 Rg4 33. Bxh7 Rxf4+ 34.
Ke3 Bg5 35. Rf2 Rxf2+ 36. Kxf2 Bxh6 37. Nh5 Ke7 38. Ke2 Kd6 39. Bg8 Bd7 40. Nf6
Bc6 41. Nh5 Re8 42. Kd1 d4 43. cxd4 Bf3+ 44. Kc2 Bxh5 45. dxc5+ Kxc5 46. Rh1
Bg6+ 47. Kb3 Bf4 48. Bh7 Bxh7 49. Rxh7 Rg8 50. Rh5+ e5 51. Rh7 Rg3+ 52. Kc2
Rg2+ 53. Kb3 Kb6 54. Rf7 Bc1 55. Rf6+ Kc5 56. Rf8 Bxb2 57. Rc8+ Kb6 58. Rb8+
Kc6 59. Rc8+ Kb7 60. Rc5 Kb6 61. Rd5 Bd4 62. a4 bxa4+ 63. Kxa4 Kc6 64. Rd8 Rb2
65. Rc8+ Kd5 66. Rc3 Rb1 67. Rc1 Rb2 68. Rd1 e4 0-1

[Event "España ch sub-16 2012"]
[Site "Salobreña ESP"]
[Date "2012.07.19"]
[Round "6.21"]
[White "Garrido Piriz, Pablo"]
[Black "Pinsach Gelabert, Alexandre"]
[Result "1-0"]
[WhiteElo "1831"]
[BlackElo "1990"]
[PlyCount "84"]
[EventDate "2012.07.16"]
[EventType "swiss"]
[EventRounds "9"]
[EventCountry "ESP"]
[Source "lmi"]
[SourceDate "2012.07.16"]

1. e4 e5 2. Nf3 Nc6 3. d4 exd4 4. Bc4 Nf6 5. e5 d5 6. Bb5 Ne4 7. Nxd4 Bd7 8.
Bxc6 bxc6 9. O-O c5 10. Nb3 c6 11. f3 Ng5 12. f4 Ne4 13. Nc3 Nxc3 14. bxc3 g6
15. Be3 c4 16. Nd4 c5 17. Nf3 Bf5 18. Qd2 h6 19. Qf2 Qc7 20. h3 h5 21. Rad1 Qc6
22. Nh4 Be7 23. Nxf5 gxf5 24. Qf3 O-O-O 25. Rf2 Kd7 26. Rfd2 Ke6 27. g4 hxg4
28. hxg4 Rhg8 29. Rg2 fxg4 30. Rxg4 Kf5 31. Rxg8 Rxg8+ 32. Kf2 Qh6 33. Rh1 Bh4+
34. Ke2 Rg4 35. Qxd5 Qe6 36. Qxe6+ fxe6 37. Kf3 Rg3+ 38. Ke2 Rg2+ 39. Kf1 Rg4
40. Rh3 Ke4 41. Ke2 Bg3 42. Rh6 Bxf4 1-0

[Event "España ch sub-16 2012"]
[Site "Salobreña ESP"]
[Date "2012.07.19"]
[Round "6.22"]
[White "Romero Calduch, Sergio"]
[Black "Prado Acebo, Ines"]
[Result "0-1"]
[WhiteElo "1963"]
[BlackElo "1825"]
[PlyCount "120"]
[EventDate "2012.07.16"]
[EventType "swiss"]
[EventRounds "9"]
[EventCountry "ESP"]
[Source "lmi"]
[SourceDate "2012.07.16"]

1. d4 d5 2. c4 e6 3. Nc3 Nf6 4. cxd5 exd5 5. Bg5 Be7 6. e3 Nbd7 7. Qc2 O-O 8.
Bd3 c6 9. Nf3 h6 10. Bh4 b6 11. O-O c5 12. b3 Bb7 13. Rfd1 Rc8 14. Rac1 cxd4
15. Nxd4 Ne4 16. Bxe7 Qxe7 17. Qb2 f5 18. Nce2 Ne5 19. Rxc8 Bxc8 20. Nf4 Qf7
21. f3 Nc5 22. b4 Ncxd3 23. Nxd3 Nc4 24. Qc1 Re8 25. Re1 Bd7 26. b5 Rc8 27. Qd1
Qf6 28. Nf2 Rf8 29. Qd3 Rc8 30. Qd1 Qg5 31. Nh3 Qe7 32. Qd3 Qe5 33. Nf2 Qf6 34.
Qd1 Rc5 35. a4 Rc8 36. Qd3 Qe5 37. Qd1 Re8 38. Nc2 Be6 39. e4 dxe4 40. fxe4 f4
41. Qd4 Qg5 42. Qc3 Rf8 43. e5 Bd5 44. Qh3 Nxe5 45. Nd4 Qf6 46. Rd1 g5 47. Ng4
Nxg4 48. Qxg4 Bf7 49. Qe2 Rd8 50. Qf2 Bb3 51. Rd3 Bf7 52. Rd2 g4 53. Nc2 Re8
54. Qd4 Qg5 55. a5 bxa5 56. Rf2 f3 57. Qd2 Qxd2 58. Rxd2 Re2 59. Rxe2 fxe2 60.
Kf2 Bc4 0-1

[Event "España ch sub-16 2012"]
[Site "Salobreña ESP"]
[Date "2012.07.19"]
[Round "6.23"]
[White "Ananian, Arman"]
[Black "Orantes Taboada, Manuel"]
[Result "0-1"]
[WhiteElo "1823"]
[BlackElo "1963"]
[PlyCount "183"]
[EventDate "2012.07.16"]
[EventType "swiss"]
[EventRounds "9"]
[EventCountry "ESP"]
[Source "lmi"]
[SourceDate "2012.07.16"]

1. e4 c5 2. Nf3 Nc6 3. d4 cxd4 4. Nxd4 g6 5. c4 Bg7 6. Be3 Nf6 7. Nc3 O-O 8.
Be2 d6 9. Qd2 Bd7 10. f3 Nxd4 11. Bxd4 Bc6 12. O-O a5 13. Kh1 Nd7 14. Bxg7 Kxg7
15. f4 f6 16. f5 Ne5 17. Nd5 Bxd5 18. exd5 Qc8 19. Rac1 Qc5 20. Rc3 g5 21. Bd1
Rfc8 22. Qe2 Qd4 23. Qh5 Rxc4 24. Rh3 Rh8 25. Be2 Rc2 26. Qh6+ Kg8 27. Bh5 Qf2
28. Rg1 Qxf5 29. Bd1 Ng4 30. Bxg4 Qxg4 31. Rg3 Qf5 32. Qh5 Kg7 33. Re3 Rc7 34.
Rge1 Kf8 35. Qh6+ Kf7 36. Qh5+ Qg6 37. Qe2 Re8 38. Re6 Kf8 39. Qb5 Rec8 40. Qe2
Qf7 41. h3 Rc1 42. Rxc1 Rxc1+ 43. Kh2 Rc5 44. Qf3 b5 45. a3 a4 46. b3 axb3 47.
Qxb3 Qe8 48. Qf3 Qg6 49. Qe3 Qf7 50. Qb3 Qe8 51. Qf3 Qg6 52. Qe3 Rxd5 53. Qa7
Qe8 54. Re2 Rc5 55. Qb7 h5 56. g3 Qf7 57. Qb8+ Kg7 58. Qd8 Re5 59. Rxe5 fxe5
60. Qa8 Qf2+ 61. Kh1 Qxg3 62. Qe8 Qxh3+ 63. Kg1 Qg3+ 64. Kh1 Qf3+ 65. Kg1 Qd1+
66. Kg2 Qe2+ 67. Kg1 Kf6 68. Qf8+ Ke6 69. Qc8+ Kd5 70. Qf8 Ke4 71. Qxe7 Qd1+
72. Kh2 Qd2+ 73. Kh1 d5 74. Qh7+ Kf4 75. Qb1 g4 76. Qf1+ Ke4 77. Qxb5 g3 78.
Qa4+ d4 79. Qc6+ Ke3 80. Qh6+ Kd3 81. Qg6+ Kc4 82. Qc6+ Kb3 83. Qd5+ Kxa3 84.
Qa8+ Kb2 85. Qb7+ Kc2 86. Qc6+ Kd3 87. Qf3+ Kc2 88. Qc6+ Qc3 89. Qe4+ d3 90.
Qa4+ Kc1 91. Kg2 Qc2+ 92. Kh1 0-1

[Event "España ch sub-16 2012"]
[Site "Salobreña ESP"]
[Date "2012.07.19"]
[Round "6.24"]
[White "Chaikhiev Chaikhieva, Miguel A"]
[Black "Ordoñez Torres, Maria Del Carmen"]
[Result "0-1"]
[WhiteElo "1824"]
[BlackElo "1913"]
[PlyCount "96"]
[EventDate "2012.07.16"]
[EventType "swiss"]
[EventRounds "9"]
[EventCountry "ESP"]
[Source "lmi"]
[SourceDate "2012.07.16"]

1. d4 Nf6 2. c4 g6 3. g3 Bg7 4. Bg2 O-O 5. Nc3 d6 6. Nf3 Nbd7 7. O-O e5 8. e4
h6 9. h3 Nh7 10. Be3 Ng5 11. Nxg5 hxg5 12. Qd2 exd4 13. Bxd4 Ne5 14. b3 Kh7 15.
Rad1 Nc6 16. f4 gxf4 17. gxf4 f5 18. e5 dxe5 19. Bxe5 Bxe5 20. Bxc6 bxc6 21.
fxe5 Be6 22. Na4 Qxd2 23. Rxd2 Rae8 24. Nc5 Bc8 25. Re1 g5 26. Kg2 Kg6 27. Rd3
f4 28. e6 Re7 29. Re5 Kf6 30. Re2 Rfe8 31. b4 Bxe6 32. Nxe6 Rxe6 33. Rxe6+ Rxe6
34. Ra3 Re4 35. Rxa7 Rxc4 36. a3 Rc2+ 37. Kf3 Rc3+ 38. Ke4 Rxh3 39. Rxc7 Re3+
40. Kd4 Rxa3 41. Rxc6+ Kf5 42. b5 Rb3 43. Kc4 Rb1 44. b6 Kg4 45. Rf6 f3 46. Kd3
Kg3 47. Kc2 Rb5 48. Kd2 g4 0-1

[Event "España ch sub-16 2012"]
[Site "Salobreña ESP"]
[Date "2012.07.20"]
[Round "7.1"]
[White "Suarez Garcia, Carlos"]
[Black "Santos Latasa, Jaime"]
[Result "1/2-1/2"]
[WhiteElo "2306"]
[BlackElo "2399"]
[PlyCount "152"]
[EventDate "2012.07.16"]
[EventType "swiss"]
[EventRounds "9"]
[EventCountry "ESP"]
[Source "lmi"]
[SourceDate "2012.07.16"]

1. d4 Nf6 2. Nf3 c5 3. d5 b5 4. Bg5 Qb6 5. Bxf6 Qxf6 6. c3 g6 7. e4 b4 8. Qd2
Bg7 9. a3 bxc3 10. Nxc3 O-O 11. Be2 d6 12. h3 Nd7 13. O-O Ne5 14. Ne1 g5 15.
Nd1 Rb8 16. Ra2 Qg6 17. Nf3 Nxf3+ 18. Bxf3 f5 19. exf5 Bxf5 20. Be2 Bd4 21. Nc3
Rf7 22. Nb5 Be5 23. Nxa7 Bb1 24. Bh5 Qxh5 25. Rxb1 Bd4 26. Qd1 Qh4 27. b4 Rbf8
28. Nc6 Rxf2 29. Rxf2 Rxf2 30. Nxd4 Qg3 31. Qf3 Rxf3 32. Nxf3 cxb4 33. Rxb4 h5
34. Re4 g4 35. hxg4 hxg4 36. Nh2 Qxa3 37. Rxg4+ Kf7 38. Nf3 Qe3+ 39. Kh2 Ke8
40. Rc4 Kd7 41. Kg3 Qe2 42. Rd4 Kc7 43. Rd2 Qe3 44. Rd1 Qc3 45. Rd4 Kb6 46. Re4
Qg7+ 47. Rg4 Qf7 48. Rd4 Kc5 49. Rd2 Qf5 50. Re2 Qh7 51. Rd2 Qe4 52. Kf2 Qf4
53. Kg1 Qe3+ 54. Kh2 Kc4 55. Kg3 Kc3 56. Rd1 Qe4 57. Rd2 Qg6+ 58. Kf2 Qf5 59.
Kg3 Qe4 60. Rd1 Qg6+ 61. Kf2 Qc2+ 62. Rd2 Qb1 63. Kg3 Qf1 64. Rf2 Qc4 65. Rd2
e5 66. dxe6 Qxe6 67. Rc2+ Kb4 68. Rb2+ Ka3 69. Rd2 Qf6 70. Rd4 Kb2 71. Rf4 Qg7+
72. Rg4 Qc7 73. Rd4 Kc3 74. Kf2 Qc5 75. Kg3 d5 76. Kf2 Qxd4+ 1/2-1/2

[Event "España ch sub-16 2012"]
[Site "Salobreña ESP"]
[Date "2012.07.20"]
[Round "7.2"]
[White "Moreno Ibañez, Miguel"]
[Black "Martin Duque, Jesus"]
[Result "0-1"]
[WhiteElo "2055"]
[BlackElo "2241"]
[PlyCount "108"]
[EventDate "2012.07.16"]
[EventType "swiss"]
[EventRounds "9"]
[EventCountry "ESP"]
[Source "lmi"]
[SourceDate "2012.07.16"]

1. e4 e6 2. d4 d5 3. e5 c5 4. c3 Nc6 5. Nf3 Bd7 6. a3 c4 7. Nbd2 Na5 8. Be2 Bc6
9. O-O Qd7 10. Ng5 h6 11. Nh3 Ba4 12. Qe1 Ne7 13. Nf4 g6 14. g3 O-O-O 15. h4 h5
16. Nh3 Nf5 17. Bd1 Bh6 18. Nf3 Bxd1 19. Qxd1 Bxc1 20. Rxc1 Nb3 21. Rb1 Qa4 22.
Nd2 Rd7 23. Nf4 a5 24. Nxb3 cxb3 25. Nd3 Qc4 26. Nc5 a4 27. Nxd7 Kxd7 28. Re1
b5 29. Qe2 Kc6 30. Qxc4+ dxc4 31. Kg2 Kd5 32. Rh1 Rh7 33. Rbe1 Rh8 34. f3 Rf8
35. g4 Ng7 36. Kg3 Rh8 37. Kf4 Rh7 38. Kg5 Ne8 39. Re4 hxg4 40. Rf4 g3 41. Kg4
g2 42. Rg1 Nc7 43. Rxg2 b4 44. axb4 Nb5 45. Re4 a3 46. bxa3 Nxc3 47. Re1 Na4
48. Rc1 c3 49. Rb1 Kc4 50. b5 b2 51. b6 Kb3 52. Kg5 Nxb6 53. f4 c2 54. Rxb2+
Kxb2 0-1

[Event "España ch sub-16 2012"]
[Site "Salobreña ESP"]
[Date "2012.07.20"]
[Round "7.3"]
[White "Shen, Yue"]
[Black "Montoliu Cervero, Francisco"]
[Result "1/2-1/2"]
[WhiteElo "2148"]
[BlackElo "2230"]
[PlyCount "101"]
[EventDate "2012.07.16"]
[EventType "swiss"]
[EventRounds "9"]
[EventCountry "ESP"]
[Source "lmi"]
[SourceDate "2012.07.16"]

1. d4 Nf6 2. c4 e6 3. g3 Bb4+ 4. Bd2 a5 5. Bg2 O-O 6. Nf3 b6 7. O-O Bb7 8. Bc3
d6 9. b3 Bxc3 10. Nxc3 Nbd7 11. Qc2 Re8 12. Rfd1 Qe7 13. e3 Rac8 14. a3 Ba6 15.
Nd2 c6 16. b4 axb4 17. axb4 Nb8 18. Qb3 b5 19. cxb5 cxb5 20. Ra5 Bb7 21. d5
Nxd5 22. Nxd5 exd5 23. Bxd5 Qd7 24. Nf3 Rc7 25. Qd3 Bxd5 26. Qxd5 Qg4 27. Rxb5
Na6 28. h3 Qxh3 29. Qxd6 Qc8 30. Qd3 Rb7 31. Rxb7 Qxb7 32. Ng5 g6 33. b5 Nc5
34. Qd5 Qxd5 35. Rxd5 Rc8 36. Kg2 h6 37. Nf3 Ne4 38. Nd4 Nc3 39. Re5 Kg7 40. f4
Kf6 41. g4 Rc4 42. Kf2 g5 43. Rf5+ Kg6 44. Nc6 f6 45. Nd4 gxf4 46. Rxf4 h5 47.
gxh5+ Kxh5 48. Kf3 Kg6 49. Rg4+ Kf7 50. Kg3 Rb4 51. Kf3 1/2-1/2

[Event "España ch sub-16 2012"]
[Site "Salobreña ESP"]
[Date "2012.07.20"]
[Round "7.4"]
[White "Marchena Hurtado, Javier"]
[Black "Diaz Camallonga, Carles"]
[Result "1/2-1/2"]
[WhiteElo "2085"]
[BlackElo "2144"]
[PlyCount "127"]
[EventDate "2012.07.16"]
[EventType "swiss"]
[EventRounds "9"]
[EventCountry "ESP"]
[Source "lmi"]
[SourceDate "2012.07.16"]

1. e4 c5 2. Nf3 Nc6 3. d4 cxd4 4. Nxd4 e5 5. Nb5 d6 6. c4 Be6 7. N1c3 a6 8. Na3
Be7 9. Nd5 Nf6 10. Bd3 O-O 11. O-O Nd7 12. b3 Bg5 13. Bb2 Rc8 14. Nc2 Nc5 15.
Nce3 a5 16. Bc2 Rb8 17. f4 exf4 18. Nf5 Bxd5 19. exd5 Ne5 20. h4 Bf6 21. Rxf4
Kh8 22. Bd4 Ng6 23. Rf1 Bxd4+ 24. Qxd4 f6 25. h5 Ne5 26. Rae1 Qd7 27. Re3 Rf7
28. Qh4 Rbf8 29. Rfe1 b6 30. a3 Ncd3 31. Rf1 Nc5 32. Qf4 Na6 33. Rb1 Qc7 34.
Rc1 Qc5 35. Ra1 Qc7 36. Ra2 Qc5 37. Kh1 Qc7 38. Bb1 Nc5 39. Rae2 Na6 40. Nd4
Qd7 41. Ne6 Rg8 42. Qf5 g6 43. hxg6 Nxg6 44. Rh3 Nc5 45. Qh5 Nf8 46. Bf5 Qa7
47. Nxc5 bxc5 48. Re8 Qc7 49. Qh6 Qb7 50. Kh2 Qc7 51. Kh1 Qb7 52. Be6 Nxe6 53.
Rxg8+ Kxg8 54. dxe6 Rg7 55. Qd2 Qe7 56. Re3 Rg5 57. Qxa5 Qe8 58. e7 Kg7 59. Qd8
Qh5+ 60. Rh3 Qd1+ 61. Kh2 Rxg2+ 62. Kxg2 Qe2+ 63. Kg3 Qe3+ 64. Kg2 1/2-1/2

[Event "España ch sub-16 2012"]
[Site "Salobreña ESP"]
[Date "2012.07.20"]
[Round "7.5"]
[White "Nicolas Zapata, Irene"]
[Black "Forsberg Conde, Martin"]
[Result "1-0"]
[WhiteElo "2235"]
[BlackElo "2046"]
[PlyCount "78"]
[EventDate "2012.07.16"]
[EventType "swiss"]
[EventRounds "9"]
[EventCountry "ESP"]
[Source "lmi"]
[SourceDate "2012.07.16"]

1. d4 d5 2. c4 e6 3. Nf3 Nf6 4. e3 Nbd7 5. Nbd2 c6 6. b3 Bd6 7. Bb2 Qe7 8. Ne5
Ne4 9. Nxe4 dxe4 10. a3 O-O 11. Be2 Qg5 12. Ng4 f5 13. h4 Qg6 14. h5 Qg5 15.
Ne5 Qxg2 16. Rf1 Qh2 17. Nxd7 Bxd7 18. Qc2 Qh4 19. O-O-O Qe7 20. c5 Bc7 21. Rg1
Rf7 22. Rg2 e5 23. Rdg1 Qf6 24. Bc4 Be6 25. Rg6 hxg6 26. Rxg6 Bxc4 27. Rxf6
gxf6 28. Qxc4 Re8 29. Qf1 Rg7 30. h6 Rg5 31. Qc4+ Kf8 32. d5 cxd5 33. Qxd5 Rh5
34. Qxb7 Re7 35. Qc8+ Kf7 36. Qh8 Ke6 37. Qg8+ Rf7 38. Qe8+ Re7 39. Qxh5 Kd5
1-0

[Event "España ch sub-16 2012"]
[Site "Salobreña ESP"]
[Date "2012.07.20"]
[Round "7.6"]
[White "Navarrete Espi, Samuel"]
[Black "Gonzalez Benavides, Jose Antonio"]
[Result "1-0"]
[WhiteElo "2197"]
[BlackElo "1918"]
[PlyCount "87"]
[EventDate "2012.07.16"]
[EventType "swiss"]
[EventRounds "9"]
[EventCountry "ESP"]
[Source "lmi"]
[SourceDate "2012.07.16"]

1. e4 c5 2. Nf3 Nc6 3. d4 cxd4 4. Nxd4 e5 5. Nb5 d6 6. N1c3 a6 7. Na3 b5 8. Nd5
Nge7 9. c4 Nd4 10. Bd3 Nxd5 11. exd5 Be7 12. O-O Rb8 13. Nc2 O-O 14. Nxd4 exd4
15. cxb5 axb5 16. Qe2 Bd7 17. Qe4 f5 18. Qxd4 b4 19. Qf4 g5 20. Qf3 Qe8 21. Qe2
Qf7 22. f4 g4 23. b3 Rfe8 24. Bb2 Bf6 25. Qd2 Bxb2 26. Qxb2 Bb5 27. Qd4 Bxd3
28. Qxd3 Re4 29. a4 Rbe8 30. a5 Re3 31. Qc4 Qa7 32. Kh1 R3e4 33. Qd3 Rc8 34. a6
Rc5 35. Rfe1 Qc7 36. a7 Rxe1+ 37. Rxe1 Qxa7 38. Qxf5 Qf7 39. Qxg4+ Kf8 40. Qg5
Rc8 41. Qh6+ Kg8 42. Qxd6 Rc2 43. h3 Rc8 44. Qe6 1-0

[Event "España ch sub-16 2012"]
[Site "Salobreña ESP"]
[Date "2012.07.20"]
[Round "7.7"]
[White "Perez Barreto, Adrian"]
[Black "Santos Ruiz, Miguel"]
[Result "1/2-1/2"]
[WhiteElo "1961"]
[BlackElo "2106"]
[PlyCount "58"]
[EventDate "2012.07.16"]
[EventType "swiss"]
[EventRounds "9"]
[EventCountry "ESP"]
[Source "lmi"]
[SourceDate "2012.07.16"]

1. d4 e6 2. c4 Bb4+ 3. Bd2 a5 4. g3 Nc6 5. Nf3 d6 6. Bg2 e5 7. d5 Bxd2+ 8.
Nbxd2 Nb8 9. c5 Ne7 10. Nc4 O-O 11. cxd6 cxd6 12. a4 Na6 13. O-O Nb4 14. e4 Bg4
15. h3 Bxf3 16. Bxf3 Rc8 17. Be2 f5 18. f3 f4 19. g4 Ng6 20. Kh2 Qh4 21. Rg1
Qf2+ 22. Rg2 Qc5 23. Bf1 Nh4 24. Rd2 Rf6 25. Ra3 g5 26. Rc3 Na2 27. Ra3 Nb4 28.
Rc3 Na2 29. Ra3 Nb4 1/2-1/2

[Event "España ch sub-16 2012"]
[Site "Salobreña ESP"]
[Date "2012.07.20"]
[Round "7.8"]
[White "Martin Garcia, Guillermo"]
[Black "Rojano Alfonso, Carlos"]
[Result "0-1"]
[WhiteElo "1963"]
[BlackElo "2084"]
[PlyCount "108"]
[EventDate "2012.07.16"]
[EventType "swiss"]
[EventRounds "9"]
[EventCountry "ESP"]
[Source "lmi"]
[SourceDate "2012.07.16"]

1. e4 e6 2. d3 d5 3. Nd2 Nf6 4. Ngf3 Nc6 5. g3 dxe4 6. dxe4 Bc5 7. Bg2 O-O 8.
O-O e5 9. Qe2 a5 10. Nc4 Bg4 11. c3 Qc8 12. h3 Bxh3 13. Ncxe5 Nxe5 14. Nxe5 Re8
15. Nd3 Bxg2 16. Kxg2 Nxe4 17. Qh5 Bd6 18. Rh1 Nf6 19. Qf3 Qg4 20. Qxb7 Bxg3
21. Qf3 Bd6+ 22. Qxg4 Nxg4 23. Bf4 Bxf4 24. Nxf4 f5 25. Rhe1 Kf7 26. Nd5 Rxe1
27. Rxe1 Rd8 28. Nf4 Rd2 29. Re2 Rxe2 30. Nxe2 c5 31. f4 Ke6 32. Kf3 Nf6 33.
Nc1 Ne4 34. a4 c4 35. Ne2 Nc5 36. Nd4+ Kf6 37. Nc6 Nxa4 38. Nxa5 Nxb2 39. Nb7
h6 40. Nd6 g5 41. Nb5 g4+ 42. Kg3 Nd1 43. Nd6 Nxc3 44. Nxc4 Ne2+ 45. Kh4 Nxf4
46. Kg3 Ng6 47. Kg2 h5 48. Kh2 h4 49. Kg2 f4 50. Kg1 Ne5 51. Nd6 g3 52. Kg2 f3+
53. Kg1 f2+ 54. Kf1 Ng4 0-1

[Event "España ch sub-16 2012"]
[Site "Salobreña ESP"]
[Date "2012.07.20"]
[Round "7.9"]
[White "Iglesias Garcia, Jorge"]
[Black "Escudero Manzano, Alejandro"]
[Result "1-0"]
[WhiteElo "1912"]
[BlackElo "2192"]
[PlyCount "57"]
[EventDate "2012.07.16"]
[EventType "swiss"]
[EventRounds "9"]
[EventCountry "ESP"]
[Source "lmi"]
[SourceDate "2012.07.16"]

1. d4 Nf6 2. c4 c5 3. d5 e5 4. Nc3 d6 5. e4 Be7 6. Nge2 O-O 7. Ng3 Ne8 8. Bd3
g6 9. O-O f5 10. f4 Ng7 11. fxe5 dxe5 12. exf5 gxf5 13. Bh6 e4 14. Bc2 Bg5 15.
Bxg7 Kxg7 16. Qh5 Be3+ 17. Kh1 Qg5 18. Qxg5+ Bxg5 19. Nb5 Na6 20. Nd6 Kg8 21.
Ndxf5 Bxf5 22. Rxf5 Rxf5 23. Nxf5 e3 24. Re1 Bf6 25. Rxe3 Bxb2 26. Re7 Nb4 27.
Nh6+ Kf8 28. Rf7+ Ke8 29. Ba4+ 1-0

[Event "España ch sub-16 2012"]
[Site "Salobreña ESP"]
[Date "2012.07.20"]
[Round "7.10"]
[White "Acosta Sosa, Juan Manuel"]
[Black "Ventura Bolet, Maxim"]
[Result "1/2-1/2"]
[WhiteElo "2166"]
[BlackElo "1943"]
[PlyCount "129"]
[EventDate "2012.07.16"]
[EventType "swiss"]
[EventRounds "9"]
[EventCountry "ESP"]
[Source "lmi"]
[SourceDate "2012.07.16"]

1. c4 e5 2. Nc3 c5 3. g3 Nc6 4. Bg2 g6 5. e3 Bg7 6. Nge2 Nge7 7. a3 O-O 8. O-O
d6 9. Rb1 Be6 10. Nd5 Rb8 11. d3 b5 12. Nec3 b4 13. Nxe7+ Nxe7 14. axb4 Rxb4
15. Na2 Rb8 16. Qc2 Qd7 17. Bd2 Rfc8 18. Nc3 d5 19. b3 f5 20. e4 dxe4 21. dxe4
Nc6 22. Nd5 Nd4 23. Qa2 fxe4 24. Bxe4 Bh3 25. Rfe1 Rf8 26. Bc3 Kh8 27. Re3 Bg4
28. Bxd4 exd4 29. Rd3 Bf5 30. Bxf5 Qxf5 31. Rbd1 Rbe8 32. Kg2 Qh5 33. f3 Re5
34. Rf1 Rfe8 35. Rf2 Qf5 36. Rd1 g5 37. Qd2 h6 38. Qd3 Qf7 39. Rdf1 Re1 40.
Rxe1 Rxe1 41. f4 gxf4 42. Nxf4 Qb7+ 43. Nd5 Qc8 44. Re2 Rxe2+ 45. Qxe2 Qf5 46.
Ne7 Qf6 47. Qe4 Bf8 48. Ng6+ Kg7 49. Nf4 Kh8 50. h4 Bd6 51. Qa8+ Kh7 52. Qxa7+
Kh8 53. Qa8+ Kh7 54. Qb7+ Kh8 55. Qc8+ Kh7 56. Qd7+ Kh8 57. Qe8+ Kh7 58. Nd5
Qg7 59. Qe4+ Kh8 60. g4 d3 61. Ne3 Qb2+ 62. Kg1 Qh2+ 63. Kf1 Qe2+ 64. Kg1 Qh2+
65. Kf1 1/2-1/2

[Event "España ch sub-16 2012"]
[Site "Salobreña ESP"]
[Date "2012.07.20"]
[Round "7.11"]
[White "Ordoñez Torres, Maria Del Carmen"]
[Black "Rubio Tent, Francisco"]
[Result "1-0"]
[WhiteElo "1913"]
[BlackElo "2120"]
[PlyCount "111"]
[EventDate "2012.07.16"]
[EventType "swiss"]
[EventRounds "9"]
[EventCountry "ESP"]
[Source "lmi"]
[SourceDate "2012.07.16"]

1. e4 c5 2. Nf3 Nc6 3. d4 cxd4 4. Nxd4 e5 5. Nb5 d6 6. N1c3 a6 7. Na3 b5 8. Nd5
Nge7 9. c4 Nxd5 10. cxd5 Nd4 11. Bd3 g6 12. Nc2 Nxc2+ 13. Bxc2 Bg7 14. h4 h5
15. Bg5 Qc7 16. Rc1 Bg4 17. Qd3 Rc8 18. O-O Qb8 19. Qa3 f6 20. Bd2 O-O 21. Qxa6
Rf7 22. Bd3 Ra7 23. Rxc8+ Bxc8 24. Qxb5 Qxb5 25. Bxb5 Rxa2 26. Bc3 f5 27. f3
Bf6 28. g3 Bd8 29. Rb1 Bb6+ 30. Kf1 fxe4 31. fxe4 Bh3+ 32. Ke2 Kf7 33. Bb4 Bg4+
34. Kd3 Ke7 35. Kc2 Ra8 36. Kd3 Rb8 37. Bc6 Bf2 38. Bd2 Bxg3 39. Bg5+ Kf7 40.
b4 Bf4 41. Bxf4 exf4 42. b5 f3 43. Ke3 Ke7 44. Ra1 Rb6 45. Ra8 g5 46. hxg5 h4
47. Rh8 h3 48. Rh7+ Kf8 49. Rh4 Bc8 50. Rh8+ Kg7 51. Rh6 Bg4 52. Rh4 Bc8 53.
Kxf3 Kg6 54. Kf4 Rb8 55. Rh6+ Kg7 56. Kg3 1-0

[Event "España ch sub-16 2012"]
[Site "Salobreña ESP"]
[Date "2012.07.20"]
[Round "7.12"]
[White "Garcia-Castany Musellas, Galla"]
[Black "Nuñez Miranda, Adrian"]
[Result "0-1"]
[WhiteElo "2042"]
[BlackElo "1909"]
[PlyCount "70"]
[EventDate "2012.07.16"]
[EventType "swiss"]
[EventRounds "9"]
[EventCountry "ESP"]
[Source "lmi"]
[SourceDate "2012.07.16"]

1. e4 d6 2. d4 Nf6 3. Nc3 e5 4. Nf3 Nbd7 5. Bc4 Be7 6. O-O O-O 7. Re1 c6 8. a4
a5 9. b3 exd4 10. Nxd4 Nc5 11. Qf3 Be6 12. Ba3 Nfd7 13. Bf1 Ne5 14. Qe2 Qb6 15.
Rad1 Bg4 16. f3 Bh4 17. g3 Ne6 18. fxg4 Nxd4 19. Qe3 Bg5 20. Qf2 Ndf3+ 21. Kg2
Nxe1+ 22. Qxe1 Nxg4 23. Bc1 Bxc1 24. Rxc1 Qe3 25. Be2 Nf6 26. Rd1 Qc5 27. Bf3
Rfe8 28. Qd2 Rad8 29. Re1 Qb4 30. Qd3 d5 31. Rd1 dxe4 32. Qxd8 exf3+ 33. Kxf3
Qxc3+ 34. Rd3 Qe1 35. Rd1 Qe2+ 0-1

[Event "España ch sub-16 2012"]
[Site "Salobreña ESP"]
[Date "2012.07.20"]
[Round "7.13"]
[White "Domingo Nuñez, Ruben"]
[Black "Ruiz Font, Elisabet"]
[Result "1-0"]
[WhiteElo "1887"]
[BlackElo "2039"]
[PlyCount "121"]
[EventDate "2012.07.16"]
[EventType "swiss"]
[EventRounds "9"]
[EventCountry "ESP"]
[Source "lmi"]
[SourceDate "2012.07.16"]

1. e4 c5 2. Nc3 Nc6 3. f4 g6 4. Nf3 Bg7 5. Bb5 Nd4 6. Bc4 e6 7. O-O Ne7 8. d3
O-O 9. e5 d6 10. exd6 Nef5 11. Nxd4 cxd4 12. Ne4 Nxd6 13. Nxd6 Qxd6 14. Bd2 Bd7
15. Qe1 Qc7 16. Bb3 b5 17. Ba5 Qb7 18. g4 Kh8 19. Qh4 f5 20. g5 Rfe8 21. Rae1
Qa6 22. Bd2 Qc6 23. Qf2 a5 24. c4 b4 25. Bd1 Rab8 26. b3 Qc5 27. Qg3 Re7 28.
Re2 Rbe8 29. Rfe1 e5 30. fxe5 Rxe5 31. Bf4 Rxe2 32. Rxe2 Rxe2 33. Bxe2 a4 34.
Bd6 Qb6 35. Be5 Qe6 36. Bxg7+ Kxg7 37. Kf2 axb3 38. axb3 Bc6 39. Qf4 Kf7 40.
Qxd4 Qe7 41. Qf4 Qa7+ 42. d4 Be4 43. Qd6 Qa1 44. Qf6+ Kg8 45. c5 Qb2 46. c6 Bd3
47. Qe6+ Kg7 48. Qe7+ Kg8 49. Qd8+ Kg7 50. Qe7+ Kg8 51. c7 Qxd4+ 52. Kg2 Be4+
53. Bf3 Bxf3+ 54. Kxf3 Qd3+ 55. Qe3 Qd1+ 56. Kg3 Qg4+ 57. Kf2 f4 58. Qe8+ Kg7
59. Qe7+ Kg8 60. Qd8+ Kg7 61. c8=Q 1-0